Pays les plus proches du Luxembourg (avec une carte) - Statistiques

Statistiques générales
  • Ce quiz a été pris 280 fois
  • Le résultat moyen est 13 sur 20
Réponses sur la Carte
Les réponses sont colorées sur une échelle allant du rouge au vert en fonction du pourcentage des utilisateurs qui les ont devinées à leur premier essai. Vous pouvez retrouver ces pourcentages ci-dessous.
 
Statistiques - réponses
pays % Correct
France
99%
Allemagne
96%
Suisse
96%
Belgique
95%
Pays-Bas
92%
Italie
91%
Royaume-Uni
79%
Autriche
77%
Danemark
70%
Liechtenstein
69%
Pologne
64%
Espagne
61%
Tchèquie
60%
Monaco
58%
Slovénie
41%
Saint-Marin
38%
Hongrie
34%
Slovaquie
34%
Suède
34%
Croatie
28%
Aucun quiz correspondant
Distribution des résultats
% des personnes avec chaque résultat
Percentile par nombre de réponses
Votre historique - résultats
Vous n’avez pas pris ce quiz